CRM rendszerek - CRM az E.ON-nál

Bibliográfiai részletek
Szerző: György László Dávid
További közreműködők: Dobák Dr. Dóra Éva
Dokumentumtípus: Diplomadolgozat
Kulcsszavak:CRM
SAP
Agilis
Online Access:http://dolgozattar.uni-bge.hu/14558

MARC

LEADER 00000nta a2200000 i 4500
001 dolg14558
005 20171219141602.0
008 171219suuuu hu om 000 hun d
040 |a BGE Dolgozattár Repozitórium  |b hun 
041 |a hu 
100 1 |a György László Dávid 
245 1 0 |a CRM rendszerek - CRM az E.ON-nál  |c György László Dávid  |h [elektronikus dokumentum] 
695 |a CRM 
695 |a SAP 
695 |a Agilis 
700 1 |a Dobák Dr. Dóra Éva  |e ths 
856 4 0 |u http://dolgozattar.uni-bge.hu/14558/1/CRM%20Rendszerek%20-%20CRM%20az%20E.ON-n%C3%A1l.pdf  |z Dokumentum-elérés 
856 4 0 |u http://dolgozattar.uni-bge.hu/14558/2/Gyorgy_Laszlo_David_titkositas.pdf  |z Dokumentum-elérés